| 000 | 00652 a2200169 4500 | ||
|---|---|---|---|
| 003 | Nust | ||
| 005 | 20170207164553.0 | ||
| 035 | _a(SFX)1000000000298277 | ||
| 040 | _cNust | ||
| 100 | 1 | _aPogue, David | |
| 245 | 1 | 0 |
_aiPhone: The Missing Manual _h[Elektronisk resurs] |
| 260 |
_bO'Reilly _c2007 |
||
| 300 | _a306p | ||
| 500 | _aE BOOK | ||
| 650 | _aiphone | ||
| 856 | 4 | 0 | _uhttp://sfxeu10.hosted.exlibrisgroup.com/sfxjon/?url_ver=Z39.88-2004&ctx_ver=Z39.88-2004&ctx_enc=info:ofi/enc:UTF-8&rfr_id=info:sid/sfxit.com:opac_856&url_ctx_fmt=info:ofi/fmt:kev:mtx:ctx&sfx.ignore_date_threshold=1&rft.object_id=1000000000298277&svc_val_fmt=info:ofi/fmt:kev:mtx:sch_svc& |
| 942 |
_2ddc _cBK |
||
| 999 |
_c209358 _d209358 |
||